00646nam a22002177a 450000500170000001000130001702000230003003500130005303700160006604000120008208200160009410000220011024500720013226000390020427000460024330000270028950000200031665000340033665000390037070000190040920170124110237.0 aB-220223 c390.00a8183330924 aB-220223 bCen Lib/Ret aDPLbEN a005.13bRAD aRadhakrishnan, M. aData Structures using C /cby M. Radhakrishnan [and] V. Srinivasan  aNew Delhi bBPB Publcations c2001 bNew Delhi aB-14, connaught placee110001 aviii, 431p.c23cm(pbk) aIncludes index  aC (Computer program language) aData structures (Computer science) aSrinivasan, V.